Normal view
MARC view
Entry Personal Name
001 - CONTROL NUMBER
- control field: 85460
003 - CONTROL NUMBER IDENTIFIER
- control field: dpl
005 - DATE AND TIME OF LATEST TRANSACTION
- control field: 20251010113515.0
008 - FIXED-LENGTH DATA ELEMENTS
- fixed length control field: 251010|| aca||aabn | a|a d
040 ## - CATALOGING SOURCE
- Original cataloging agency: dpl
- Transcribing agency: dpl
100 ## - HEADING--PERSONAL NAME
- Personal name: विक्रमजीत
670 ## - SOURCE DATA FOUND
- Source citation: Work cat.: (dpl)213630: विक्रमजीत , जवाहर नवोदय विधालय:, 2026
